000 00704nam a2200229Ia 4500
003 OSt
005 20221007082105.0
006 a|||||r|||| 00| 0
007 ta
008 221006b |||||||| |||| 00| 0 eng d
024 _a28,076
037 _cReports / Technical Reports
040 _aFLL
_cFLL
_beng
041 _2eng
_aeng
082 _aZ73,3, G1.3
100 _aMiller Hunter
_9698692
245 0 _aTreatises and other international acts of the United States of America
260 _aUnited States
_bGoverment Printing Press Washington
_c1933
300 _axxiv,833p
_ccm.
942 _hZ73,3, G1.3
_cREP
_2CC
999 _c1165274
_d1165274